Futbolistas Eibar Primera división - Estadísticas

Estadísticas generales
  • Esta prueba ha sido intentada 56 veces
  • La puntuación promedio es 19 de 86
Estadísticas de respuestas
Hint Respuesta % Correcto
Japón Takashi Inui
73%
España Kike García
66%
España Ander Capa
61%
España Sergi Enrich
61%
Serbia Marko Dmitrovic
59%
España Anaitz Arbilla
54%
Chile Fabián Orellana
54%
España Dani García
51%
Cabo Verde Bebé
44%
España Bryan Gil
44%
Senegal Pape Diop
41%
Argentina Gonzalo Escalante
39%
España Asier Riesgo
37%
Brasil Charles
37%
España José Ángel
37%
España Marc Cucurella
37%
España Edu Expósito
34%
España Pedro León
34%
Francia Florian Lejeune
32%
España Javi Lara
32%
España Quique
32%
España Iván Ramis
29%
España Joan Jordán
29%
Argentina Pablo de Blasis
29%
Portugal Paulo Oliveira
29%
España Raúl Albentosa
29%
España Sergio Álvarez
29%
España Xabier Irureta
29%
España Aleix García
27%
España Borja Bastón
27%
España Yoel Rodríguez
27%
España Pedro Bigas
24%
España Saúl Berjón
24%
España Álvaro Tejero
22%
España Antonio Luna
22%
España Jon Errasti
22%
España Raúl Navas
22%
España Borja
20%
Italia Federico Piovaccari
20%
España Álex Gálvez
17%
Polonia Damian Kadzior
17%
España Eneko Bóveda
17%
España Jota Peleteiro
17%
Japón Yoshi Muto
17%
España Ángel
15%
Ghana Derek Boateng
15%
Argentina Esteban Burgos
15%
España Lillo
15%
España Manu del Moral
15%
España Alejandro Pozo
12%
Serbia Aleksandr Pantic
12%
España David Juncà
12%
España Iván Alejo
12%
Bosnia Izet Hajrovic
12%
España Jon Irazusta
12%
España Jordi Calavera
12%
España Keko
12%
España Marc Cardona
12%
Argentina Mauro Dos Santos
12%
España Miguel Atienza
12%
España Rubén Peña
12%
España Adrián
10%
España Borja Ekiza
10%
España Dani Nieto
10%
España Eddy Silvestre
10%
España Fran Rico
10%
Croacia Josip Radosevic
10%
España Nano Mesa
10%
España Pere Milla
10%
Portugal Rafa Soares
10%
España Rober Correa
10%
Uruguay Sebastián Cristóforo
10%
Italia Simone Verdi
10%
España Txema Añibarro
10%
España Abraham Minero
7%
España Christian Rivera
7%
España David Lombán
7%
Serbia Dejan Lekic
7%
España Didac Vilá
7%
España Jaime Jiménez
7%
Portugal Kévin
7%
España Recio
7%
España Ion Ansotegui
5%
España Pablo Hervías
5%
España Mikel Arruabarena
2%
España Unai Arieta
2%
No se encontraron pruebas coincidentes
Distribución de puntuación
Porcentaje de gente con cada puntuación
Porcentaje por número respondido
Historial de tus puntuaciones
No has intentado esta prueba.